[Event "Idaho Open (Open)"]
[Site "Pocatello, ID"]
[Date "2008.04.05"]
[Round "1.6"]
[White "Pinedo, Javier A"]
[Black "Kircher, Caleb Paul"]
[Result "1-0"]
[WhiteElo "1761"]
[BlackElo "1447"]

1. e4 c5 2. f4 Nc6 3. Nf3 g6 4. Bc4 Bg7 5. Ng5 e6 6. O-O h6 7. Nxf7 Kxf7 8. f5
Ke7 9. fxg6 Nf6 10. c3 Qb6 11. Kh1 Rf8 12. d3 d6 13. Bb3 Ne5 14. Na3 Nxg6 15.
Nc4 Qc7 16. Qe1 Bd7 17. Qg3 Be8 18. Qh3 Bf7 19. Bd2 b5 20. Ne3 a5 21. Rae1 Kd8
22. Bxe6 Bxe6 23. Qxe6 Qd7 24. Qb3 Ne5 25. Qc2 b4 26. Nf5 Rh8 27. d4 cxd4 28.
cxd4 Rc8 29. Qb3 Nc4 30. Bf4 Nh5 31. Bc1 Qe6 32. Qf3 Bxd4 33. Qxh5 Bxb2 34.
Bxb2 Nxb2 35. Nd4 Qe5 36. Qh4+ Kc7 37. Qf2 Nd3 38. Qc2+ Nc5 39. Qc4 Rhf8 40.
Nf5 Kb6 41. a4 Nxa4 42. Qd3 Rf6 43. Qe3+ Nc5 44. Rf2 Re8 45. Ng3 Rxf2 46. Qxf2
d5 47. Rc1 d4 48. Ne2 Rd8 49. Ng3 d3 50. Qd2 Nxe4 51. Qxh6+ Rd6 52. Qe3+ Qd4
53. Qxe4 b3 54. Qe8 Rd7 55. Qb8+ Rb7 56. Qg8 Ka7 57. Qg5 Qb6 58. Rb1 b2 59.
Ne4 a4 60. Nc5 Qb5 61. Qe3 Qb6 62. Qd4 Qb4 63. Qd6 Qe1+ 64. Rxe1 {#r} 1-0

[Event "Idaho Open (Open)"]
[Site "Pocatello, ID"]
[Date "2008.04.05"]
[Round "2.7"]
[White "Kircher, Caleb Paul"]
[Black "Treiman, Scott"]
[Result "0-1"]
[WhiteElo "1447"]
[BlackElo "1662"]

1. f4 d5 2. Nf3 Nf6 3. b3 c5 4. e3 Nc6 5. Bb2 Bg4 6. h3 Bxf3 7. Qxf3 e6 8. Bb5
Rc8 9. O-O a6 10. Bxc6+ Rxc6 11. f5 Be7 12. g4 h6 13. fxe6 Rxe6 14. d3 Qd6 15.
Nd2 O-O 16. Rae1 Nh7 17. Qf4 Qc6 18. Re2 Ng5 19. Qg3 d4 20. e4 Bd6 21. Qg2 Qc7
22. Ref2 Rg6 23. Kh1 Ne6 24. Nc4 Bf4 25. Bc1 Bxc1 26. Rxc1 h5 27. Rcf1 b5 28.
Nd2 hxg4 29. hxg4 Rh6+ 30. Kg1 Ng5 31. Re1 Nh3+ 32. Kf1 Nxf2 33. Kxf2 Rh2 {#R}
0-1

[Event "Idaho Open (Open)"]
[Site "Pocatello, ID"]
[Date "2008.04.05"]
[Round "3.7"]
[White "Sauer, Gary A"]
[Black "Kircher, Caleb Paul"]
[Result "0-1"]
[WhiteElo "1600"]
[BlackElo "1447"]

1. e4 c5 2. Nf3 Nc6 3. d4 cxd4 4. Nxd4 g6 5. Be3 Bg7 6. Be2 d6 7. O-O Nf6 8.
Nc3 O-O 9. f3 Bd7 10. Qd2 Rc8 11. Rac1 a6 12. Nb3 Ne5 13. Nd5 Nxd5 14. Qxd5
Qc7 15. c3 Be6 16. Qd1 Nc4 17. Bxc4 Bxc4 18. Rf2 Rfd8 19. Nd2 Be6 20. a3 d5
21. Qe1 d4 22. Bg5 dxc3 23. Nb1 h6 24. Bh4 Bd4 25. Nxc3 Bxf2+ 26. Bxf2 Qd7 27.
Bb6 Rf8 28. Be3 Kg7 29. Rd1 Qc7 30. Qd2 Rh8 31. Qf2 Rcd8 32. Re1 Rd7 33. f4 f6
34. f5 Bf7 35. Ne2 Qc2 36. Bd4 g5 37. Rc1 Qxe4 38. Bc3 Rhd8 39. Ng3 Qd3 40. h3
h5 41. Ba5 Re8 42. Re1 h4 43. Ne4 Qd4 44. Re3 Kh6 45. Bc3 Qb6 46. Qe2 Bh5 47.
Qf2 Rd1+ 48. Be1 Rc8 49. g4 hxg3 50. Qxg3 Rcc1 51. Kg2 Qxb2+ 52. Qf2 Qxf2+ 53.
Kxf2 Rc2+ 54. Kg1 Rc7 55. Kf2 Rd4 56. Ng3 Rf4+ 57. Kg2 Rc2+ 58. Kg1 Rc7 59.
Bb4 Rfc4 60. Re6 R4c6 61. Re1 Rc1 62. Kf1 Rxe1+ 63. Kxe1 Bf3 64. Kf2 Bh5 65.
Ne4 b6 {(And here the score goes awry. Written is... 66.Nd5 Rb7 67.Bxb7 g4
68.Bxf6 gxh3 69. Kg3 Rd7 70.Nf4 Rf7 71.Bd4 Rxh5 72.Nxh3 Rb5 73.Nf4 Rb3 74.Kh4
Bf7 75. Be5 Rxh3 76.Bd6 Rb3 77.Rf8+ Kh7 78.Kg5 Rb5+ 79.Kf5 a5 80.Kxf7 Rf5+
81.Ke6. -- Roland)} {#R} 0-1

[Event "Idaho Open (Open)"]
[Site "Pocatello, ID"]
[Date "2008.04.06"]
[Round "4.7"]
[White "Kircher, Caleb Paul"]
[Black "Vander Sys, Sean R"]
[Result "1-0"]
[WhiteElo "1447"]
[BlackElo "1549"]

1. f4 e5 2. fxe5 d6 3. exd6 Bxd6 4. Nf3 g5 5. d4 g4 6. Ne5 f6 7. Nc4 Nc6 8.
Nxd6+ Qxd6 9. c3 Bf5 10. Nd2 O-O-O 11. e4 Re8 12. Bd3 Bxe4 13. Nxe4 f5 14. O-O
fxe4 15. Qxg4+ Qd7 16. Qxd7+ Kxd7 17. Bc4 Nge7 18. Be3 Na5 19. Bb5+ c6 20. Be2
b6 21. Rf7 Nb7 22. Bg4+ Kd6 23. c4 Kc7 24. Raf1 Nd6 25. Bf4 h5 26. Bh3 e3 27.
Be5 Rh6 28. c5 {#r} 1-0

[Event "WIO (Open)"]
[Site "Caldwell, ID"]
[Date "2008.05.24"]
[Round "1.6"]
[White "Ye, Michael"]
[Black "Kircher, Caleb Paul"]
[Result "0-1"]
[WhiteElo "1051"]
[BlackElo "1447"]

1. e4 c5 2. Nf3 Nc6 3. d4 cxd4 4. Nxd4 g6 5. Bb5 Bg7 6. Nxc6 bxc6 7. Bc4 d6 8.
Qf3 e6 9. Nc3 Ne7 10. O-O O-O 11. Bg5 f6 12. Bf4 d5 13. Rad1 Qb6 14. exd5 cxd5
15. Bb3 Kh8 16. Rfe1 Bb7 17. Qe2 e5 18. Bd2 Rad8 19. Na4 Qc6 20. Bb4 d4 21. f3
Ba6 22. Qe4 Qxe4 23. fxe4 Rfe8 24. Bf7 Nc6 25. Bxe8 Nxb4 26. Nc5 Rxe8 27. a3
Nxc2 28. Nxa6 Nxe1 29. Rxe1 Rc8 30. Nb4 Bh6 31. Kf2 Kg7 32. Kf3 Rc4 33. h4 Bd2
34. Rf1 Bxb4 35. axb4 Rxb4 36. Rf2 Rb3+ 37. Kg4 h5# 0-1

[Event "Idaho Closed"]
[Site "Twin Falls, ID"]
[Date "2009.02.14"]
[Round "1.1"]
[White "Kircher, Caleb Paul"]
[Black "Parsons, Larry R"]
[Result "0-1"]
[WhiteElo "1447"]
[BlackElo "2015"]

1. f4 d6 2. e4 g6 3. d4 Bg7 4. Nf3 Nf6 5. Bd3 O-O 6. O-O c5 7. e5 Nfd7 8. c3
cxd4 9. cxd4 Nc6 10. Be4 dxe5 11. Bxc6 bxc6 12. dxe5 f6 13. Qb3+ Kh8 14. Rd1
Qb6+ 15. Qxb6 axb6 16. exf6 Bxf6 17. Nd4 Nc5 18. Na3 Ne6 19. Be3 c5 20. Nxe6
Bxe6 {#R} 0-1

[Event "SIO"]
[Site "Twin Falls, ID"]
[Date "2009.11.14"]
[Round "1.10"]
[White "Kircher, Caleb Paul"]
[Black "Proferes, Aaron"]
[Result "1-0"]
[WhiteElo "1540"]
[BlackElo "845"]

1. f4 Nc6 2. e4 e5 3. Nf3 Nf6 4. d3 d5 5. Nxe5 dxe4 6. Nxc6 bxc6 7. Qe2 Bg4 8.
Qe3 Qe7 9. Nd2 Nd5 10. Qxe4 Qxe4+ 11. Nxe4 Rd8 12. h3 Bf5 13. Ng3 g6 14. Nxf5
gxf5 15. Bd2 Bd6 16. g3 Rg8 17. Bg2 Rxg3 18. Bxd5 cxd5 19. O-O-O d4 20. Rde1+
Kd7 21. Kd1 Re8 22. Rxe8 Kxe8 23. Rh2 h5 24. Ke2 h4 25. Kf2 a5 26. a4 c5 27.
b3 Kd7 28. Ke2 Kc6 29. Bxa5 Bxf4 30. Bd2 Bc7 31. Rf2 Rxh3 32. Rxf5 Rh2+ 33.
Rf2 h3 34. Rxh2 Bxh2 35. Kf2 Bd6 36. Kg1 Kb6 37. Kh1 f5 38. Be1 f4 39. Kh2 f3+
40. Kxh3 Kc6 41. Kg4 Kd5 42. Kxf3 Kc6 43. Ke4 {#r} 1-0

[Event "SIO"]
[Site "Twin Falls, ID"]
[Date "2009.11.15"]
[Round "3.8"]
[White "Kircher, Caleb Paul"]
[Black "Ye, Michael"]
[Result "1-0"]
[WhiteElo "1540"]
[BlackElo "1159"]

1. f4 d5 2. e3 Nc6 3. Bb5 Qd6 4. Nf3 a6 5. Bxc6+ Qxc6 6. Ne5 Qb6 7. O-O Nf6 8.
Kh1 Bf5 9. d3 h6 10. Qf3 e6 11. b3 Bc5 12. g4 Bh7 13. Kg1 Bd4 14. c3 Bc5 15.
g5 Nd7 16. Nxd7 Kxd7 17. d4 Be4 18. dxc5 Bxf3 19. cxb6 Be4 20. bxc7 Rac8 21.
Bb2 Rxc7 22. Nd2 Bf5 23. e4 dxe4 24. Nc4 hxg5 25. Ne5+ Ke7 26. fxg5 Rh5 27. g6
Rg5+ 28. Kh1 e3 29. Rf4 f6 30. Ba3+ Ke8 31. Nf7 Rxg6 32. Nd6+ Kd7 33. Nxf5
exf5 34. c4 Ke6 35. Re1 Ke5 36. Rff1 f4 37. Rd1 Ke4 38. Bd6 f3 39. Bxc7 f2 40.
Bb6 f5 41. Rxf2 Rxb6 42. Rg2 g6 43. Kg1 f4 44. Rg4 e2 45. Re1 Ke3 46. c5 f3
47. Rg3 Rf6 48. h3 Ke4 49. Kf2 g5 50. Rxg5 Kd3 51. Re5 Kd2 52. Rd5+ Kc2 53. h4
Kb2 54. Rd3 Kxa2 55. Rxf3 Rh6 56. Rxe2+ Ka3 57. Rh3 Kb4 58. Re5 a5 59. h5 Kb5
60. Ke3 {#r} 1-0

[Event "SIO"]
[Site "Twin Falls, ID"]
[Date "2009.11.15"]
[Round "4.4"]
[White "Bartell, Fred"]
[Black "Kircher, Caleb Paul"]
[Result "1/2-1/2"]
[WhiteElo "1718"]
[BlackElo "1540"]

1. c4 c5 2. Nc3 d6 3. e4 g6 4. Nf3 Bg7 5. d4 cxd4 6. Nxd4 Nc6 7. Be3 Bd7 8. a3
Nf6 9. Be2 O-O 10. O-O Rc8 11. Rc1 Ne5 12. b3 Neg4 13. Qd2 Nxe3 14. Qxe3 Qb6
15. Ndb5 Qxe3 16. fxe3 a6 17. Nd4 Ne8 18. Nd5 Bf6 19. Nb6 Rc7 20. Nxd7 Rxd7
21. b4 Ng7 22. Rfd1 Rc7 23. a4 b6 24. b5 Bxd4 25. exd4 axb5 26. axb5 Rfc8 27.
Ra1 e6 28. Ra6 Rb8 29. Rda1 h5 30. Ra8 Rcc8 31. Rxb8 Rxb8 32. Ra7 Kf8 33. Rd7
Ne8 34. Kf2 Nf6 35. Rc7 Nxe4+ 36. Ke3 Nf6 37. Rc6 Ke7 38. h3 Kd7 39. Bf3 g5
40. g3 g4 41. hxg4 hxg4 42. Bg2 Nh5 43. Kf2 f5 44. Bh1 Nf6 45. Ke3 Ng8 46. c5
bxc5 47. dxc5 d5 48. Rd6+ Ke7 49. b6 Nf6 50. Rc6 Rb7 51. Rc8 Ne8 52. Kd4 Kd7
53. Ra8 Nf6 54. Rf8 Ke7 55. Ra8 Kd7 56. Ke5 Ne4 57. Bxe4 dxe4 58. Kf4 Kc6 59.
Rc8+ Kd7 60. Ra8 {#d} 1/2-1/2

[Event "Idaho Open"]
[Site "Pocatello, ID"]
[Date "2010.05.01"]
[Round "2.1"]
[White "Morrow, Hans M"]
[Black "Kircher, Caleb Paul"]
[Result "0-1"]
[WhiteElo "1942"]
[BlackElo "1623"]

1. c4 c5 2. Nc3 Nf6 3. Nf3 g6 4. d4 cxd4 5. Nxd4 Nc6 6. e3 Bg7 7. g3 d5 8.
Nxc6 bxc6 9. Bg2 e6 10. O-O O-O 11. cxd5 cxd5 12. Qc2 Ba6 13. Rd1 Rc8 14. Bd2
Qb6 15. a4 Bc4 16. Ra3 Qa6 17. Bf1 Bxf1 18. Rxf1 Ne4 19. f3 Nxd2 20. Qxd2 Qa5
21. Qd3 Rc4 22. Rb1 Qc5 23. Ne2 Rc8 24. Raa1 Qb4 25. Ra2 Rc2 26. Nd4 Rc1+ 27.
Rxc1 Rxc1+ 28. Kg2 Bxd4 29. exd4 Qe1 30. b3 Rd1 31. Qb5 Qh1+ 32. Kh3 Qxf3 33.
Qb8+ Kg7 34. Qe5+ Qf6 35. Qxf6+ Kxf6 36. Rf2+ Ke7 37. Rc2 Kd6 38. Kh4 f6 39.
Rf2 Rxd4+ 40. Kh3 Ke5 41. Rb2 a5 42. Kg2 Rb4 43. Re2+ Kd6 44. Re3 d4 45. Rd3
Kd5 46. g4 e5 47. Rf3 Ke4 48. Kf2 f5 49. gxf5 gxf5 50. Ke2 f4 51. Rh3 Rb6 52.
Rd3 Rh6 53. h3 Rc6 54. b4 Rc2+ 55. Rd2 Rxd2+ 56. Kxd2 axb4 57. a5 Kd5 {#R} 0-1

[Event "SIO (Open)"]
[Site "Twin Falls, ID"]
[Date "2010.11.13"]
[Round "2.1"]
[White "Tatom, Gene L"]
[Black "Kircher, Caleb Paul"]
[Result "0-1"]
[WhiteElo "1600"]
[BlackElo "1650"]

1. c4 e6 2. Nf3 d5 3. b3 Nf6 4. Bb2 Be7 5. g3 O-O 6. Bg2 Nbd7 7. O-O c6 8. d3
Bd6 9. d4 dxc4 10. bxc4 c5 11. e3 Qc7 12. Nbd2 Rb8 13. Rc1 b6 14. e4 e5 15. d5
a6 16. Qc2 b5 17. a3 b4 18. a4 Bb7 19. Nb3 Rfe8 20. Rfe1 Nf8 21. Nh4 Bc8 22.
Nf3 Bd7 23. Ra1 Ng6 24. Qd1 Rf8 25. h3 Rbe8 26. Nh2 Qc8 27. Ng4 Nxg4 28. hxg4
Bxg4 29. Bf3 Bd7 30. Kg2 f5 31. Nd2 f4 32. Rh1 Qd8 33. Bg4 fxg3 34. fxg3 Qg5
35. Rh5 Qxg4 36. Qxg4 Bxg4 37. Rg5 Bd7 38. a5 Re7 39. Rf1 Rxf1 40. Nxf1 Rf7
41. Ne3 Bc7 42. g4 Bd8 43. Rxe5 Nxe5 44. Bxe5 Bf6 45. Bd6 Bd4 46. Nf5 Rxf5 47.
gxf5 Kf7 48. Kf3 b3 {#R} 0-1

[Event "SIO (Open)"]
[Site "Twin Falls, ID"]
[Date "2010.11.13"]
[Round "3.1"]
[White "Bartell, Fred"]
[Black "Kircher, Caleb Paul"]
[Result "0-1"]
[WhiteElo "1618"]
[BlackElo "1650"]

1. d4 d5 2. c4 c6 3. Nc3 Nf6 4. Bg5 e6 5. e4 dxe4 6. Bxf6 Qxf6 7. Nxe4 Qd8 8.
a3 Nd7 9. Nf3 Be7 10. Bd3 Nf6 11. O-O O-O 12. Qc2 g6 13. Rad1 Qc7 14. Ne5 Nxe4
15. Bxe4 Bf6 16. f4 c5 17. Nf3 Qxf4 18. dxc5 Qe3+ 19. Kh1 Qxc5 20. b4 Qc7 21.
Rd3 Bg7 22. Rfd1 f5 23. Ng5 fxe4 24. Nxe4 b6 25. Ng5 Qf4 26. Nf3 Bb7 27. Qb3
Kh8 28. h3 Qg3 29. R1d2 Bxf3 30. gxf3 Qxh3+ 31. Kg1 Qg3+ 32. Kf1 Rae8 33. Qd1
Re7 34. Rd8 Ref7 35. Rxf8+ Rxf8 36. Rd8 Qf4 37. Kg2 Qg5+ {#R} 0-1

[Event "SIO (Open)"]
[Site "Twin Falls, ID"]
[Date "2010.11.13"]
[Round "4.1"]
[White "Kircher, Caleb Paul"]
[Black "Buckendorf Jr., Glen"]
[Result "1-0"]
[WhiteElo "1650"]
[BlackElo "1800"]

1. e4 c5 2. Nf3 Nc6 3. d4 cxd4 4. Nxd4 d6 5. Nc3 Nf6 6. h3 e6 7. Be3 Be7 8.
Qd2 O-O 9. O-O-O Nxd4 10. Bxd4 Bd7 11. e5 dxe5 12. Bxe5 Bc6 13. Qe3 Qa5 14.
Qg3 Rfd8 15. Bd3 b5 16. Qh4 h6 17. Qg3 b4 18. Bc7 Qg5+ 19. Qxg5 hxg5 20. Bxd8
Rxd8 21. Nb1 a5 22. Bf1 Rxd1+ 23. Kxd1 Ne4 24. Ke1 a4 25. Nd2 Nxd2 26. Kxd2
Bf6 27. c3 bxc3+ 28. bxc3 Bd5 29. c4 Be4 30. Bd3 Bxg2 31. Rh2 Bc6 32. f3 Bxf3
33. Ke3 Bc6 34. Be4 Be8 35. Rc2 Bd7 36. Rd2 Be8 37. Kf3 Kf8 38. c5 Be7 39. Rc2
Bd8 40. c6 Bc7 41. Rc4 f5 42. Bc2 a3 43. Ba4 e5 44. Rb4 e4+ 45. Kf2 Ke7 46.
Rb3 Bd6 47. Rb7+ Kd8 48. c7+ Kc8 49. Rb8+ Kxc7 50. Rxe8 f4 51. Rxe4 Bc5+ 52.
Kf3 Kd6 53. Bb3 Be3 54. Re6+ Kc5 55. Rg6 Kd4 56. Rxg5 Bc1 57. Rxg7 Ke5 58. h4
Kf6 59. Rg8 Kf5 60. h5 Bb2 61. h6 Kf6 62. h7 Ke7 63. h8=Q Bxh8 64. Rxh8 {#r}
1-0

[Event "WIO (Open)"]
[Site "Boise, ID"]
[Date "2010.12.11"]
[Round "3.1"]
[White "Kircher, Caleb Paul"]
[Black "Weyland, Phil"]
[Result "0-1"]
[WhiteElo "1650"]
[BlackElo "1864"]

1. e4 e6 2. d4 d5 3. exd5 exd5 4. Bd3 Bd6 5. Nf3 Ne7 6. c3 Bg4 7. Nbd2 Nd7 8.
O-O c6 9. Qc2 Qc7 10. c4 O-O-O 11. c5 Bf4 12. b4 Ng6 13. Bf5 Bxd2 14. Bxg4
Bxb4 15. Qb3 Ba5 16. g3 Kb8 17. Bf5 Ndf8 18. Nh4 Ka8 19. Re1 Bxe1 20. Rb1 Ba5
21. Bf4 Nxf4 22. gxf4 Ne6 23. Bxe6 fxe6 24. f5 exf5 25. Nxf5 Rhe8 26. Nd6 Re1+
27. Rxe1 Bxe1 28. Qe3 Ba5 29. Qe6 b6 30. Ne8 Rxe8 31. Qxe8+ Kb7 32. Qe3 Qf7
33. Kf1 b5 34. Ke2 Qh5+ 35. Kf1 Bc7 36. h3 Qf5 37. a3 Qb1+ 38. Kg2 Qe4+ {#R}
0-1

[Event "WIO (Open)"]
[Site "Boise, ID"]
[Date "2010.12.12"]
[Round "5.6"]
[White "Kircher, Caleb Paul"]
[Black "Douglas, Kurt P"]
[Result "1-0"]
[WhiteElo "1650"]
[BlackElo "1693"]

1. d4 Nf6 2. Nf3 e6 3. e3 c5 4. Bd3 d5 5. b3 Nc6 6. Bb2 Bd6 7. Nbd2 O-O 8. a3
b6 9. Ne5 Bb7 10. f4 Be7 11. Qf3 Ne8 12. Qh3 f5 13. O-O Nf6 14. Rad1 Nxe5 15.
dxe5 Qe8 16. exf6 Bxf6 17. Bxf6 Rxf6 18. Nf3 Rh6 19. Qg3 Rg6 20. Qf2 d4 21.
exd4 cxd4 22. Rfe1 Qc6 23. Kh1 Rf8 24. Re2 Rff6 25. Ne5 Rxg2 26. Nxc6 Rxf2 27.
Rxf2 Bxc6+ 28. Kg1 {#r} 1-0

[Event "Lang Invitational #1"]
[Site "Meridian, ID"]
[Date "2011.01.29"]
[Round "3.3"]
[White "Kircher, Caleb Paul"]
[Black "Lang, Jamie"]
[Result "1-0"]
[WhiteElo "1760"]
[BlackElo "1337"]

{Game/30} 1. e4 e5 2. Nf3 Nc6 3. d4 exd4 4. Bc4 d5 5. Bxd5 Nf6 6. Bg5 Be7 7.
Bxc6+ bxc6 8. e5 Ng4 9. Bxe7 Qxe7 10. Qxd4 c5 11. Qe4 Rb8 12. b3 f6 13. O-O
fxe5 14. h3 h5 15. Nc3 Rb4 16. Qg6+ Kf8 17. Nd5 Rh6 18. Nxe7 Rxg6 19. Nxg6+
Kf7 20. Ngxe5+ Nxe5 21. Nxe5+ Kf6 22. Nd3 {#r} 1-0

[Event "Lang Invitational #4"]
[Site "Meridian, ID"]
[Date "2011.04.30"]
[Round "1.1"]
[White "Lang, Jamie"]
[Black "Kircher, Caleb Paul"]
[Result "0-1"]
[WhiteElo "1337"]
[BlackElo "1735"]

1. e4 d5 2. exd5 Nf6 3. Nf3 Nxd5 4. c4 Nb6 5. d4 Bg4 6. d5 c6 7. Nc3 e6 8. h3
Bxf3 9. Qxf3 cxd5 10. cxd5 Nxd5 11. Nxd5 Qxd5 12. Qxd5 exd5 13. Bb5+ Nc6 14.
O-O a6 15. Re1+ Kd7 16. Ba4 Bd6 17. Be3 b5 18. Bb3 d4 19. Bd2 Ne5 20. Re4 d3
21. Bf4 f6 22. Bd5 Rac8 23. Bxe5 fxe5 24. Re3 d2 25. Rc3 Bb4 26. Bb7 Bxc3 27.
Bxc8+ Rxc8 {#R} 0-1

[Event "Lang Invitational #4"]
[Site "Meridian, ID"]
[Date "2011.04.30"]
[Round "3.1"]
[White "Kircher, Caleb Paul"]
[Black "Niro III, Frank A"]
[Result "1-0"]
[WhiteElo "1735"]
[BlackElo "1700"]

1. f4 c5 2. e4 d5 3. Bb5+ Nc6 4. Bxc6+ bxc6 5. e5 Bf5 6. Nf3 e6 7. d3 Be7 8.
O-O Nh6 9. Qe2 O-O 10. Kh1 Kh8 11. b3 d4 12. Nbd2 Bg6 13. Nc4 f5 14. exf6 Bxf6
15. Ba3 Qd5 16. Rae1 Rae8 17. Nce5 Bxe5 18. Nxe5 Bf5 19. Kg1 Nf7 20. Qd2 Nd8
21. g4 g6 22. gxf5 gxf5 23. Rf3 Rf6 24. Rg3 {#r} 1-0

[Event "ICA Players Mem-Open"]
[Site "Boise, ID"]
[Date "2011.05.14"]
[Round "1.6"]
[White "Haley, Joshua Yuu"]
[Black "Kircher, Caleb Paul"]
[Result "0-1"]
[WhiteElo "1438"]
[BlackElo "1744"]

1. d4 Nf6 2. c4 g6 3. Nc3 Bg7 4. e4 d6 5. Nf3 O-O 6. Bg5 Bg4 7. Be2 h6 8. Be3
c5 9. dxc5 Qa5 10. cxd6 Nxe4 11. dxe7 Re8 12. Bd4 Nxc3 13. Bxc3 Bxc3+ 14. bxc3
Bxf3 15. Bxf3 Qxc3+ 16. Kf1 Qxc4+ 17. Kg1 Nc6 18. Bd5 Qc5 19. h3 Rxe7 20. Rc1
Qa5 21. Qd3 Ne5 22. Qe4 Rd8 23. Bb3 Qb6 24. Kh2 Qf6 25. Rhe1 Rd4 26. Qe3 Ng4+
27. hxg4 Rxe3 28. Rxe3 Qxf2 29. Rf3 Qh4+ 30. Kg1 Rd7 31. Rcf1 Qe7 32. Bxf7+
Kg7 33. Bb3 Qc5+ 34. Kh1 Qc7 35. Rf8 b5 36. Rg8+ Kh7 37. Rff8 Qc1+ 38. Kh2 Qc3
39. Rf7+ Rxf7 40. Bxf7 Qc7+ 41. Kh3 Qxf7 42. Rb8 Qxa2 43. Rxb5 Qa3+ 44. Kh2
Qe7 45. Kh3 a6 46. Ra5 Qe3+ 47. Kh2 Qb6 48. Rd5 a5 49. Kg3 Qa7 50. Kf4 a4 51.
Ke5 a3 52. Rd1 a2 53. Ra1 Qg7+ 54. Ke6 Qxa1 55. g3 Qe1+ 56. Kf7 a1=R 57. g5
Ra7+ 58. Kf8 Qe7# 0-1

[Event "ICA Players Mem-Open"]
[Site "Boise, ID"]
[Date "2011.05.14"]
[Round "3.1"]
[White "Gustafsson, Alexander Kenneth"]
[Black "Kircher, Caleb Paul"]
[Result "1/2-1/2"]
[WhiteElo "1972"]
[BlackElo "1744"]

1. e4 d5 2. exd5 Nf6 3. Nf3 Nxd5 4. d4 Bg4 5. Be2 e6 6. h3 Bh5 7. c4 Nb6 8.
Be3 Nc6 9. Nbd2 Be7 10. O-O Bf6 11. Ne4 Bxf3 12. Nxf6+ Qxf6 13. Bxf3 O-O 14.
Bxc6 bxc6 15. Qc2 Qg6 16. Qxg6 hxg6 17. Rac1 Rfd8 18. b3 Rd7 19. Rc2 Rad8 20.
Rd2 c5 21. Rfd1 cxd4 22. Rxd4 a5 23. Rxd7 Rxd7 24. Rxd7 Nxd7 25. Kf1 Nb8 26.
Bf4 Na6 27. Ke2 Kf8 28. Bd2 Nb4 29. a3 Nc6 30. Bc3 f6 31. f4 Ke7 32. Kd3 Kd6
33. Ke4 Kc5 34. Bd2 Kd6 35. b4 axb4 36. axb4 Nd8 37. Bc3 Nb7 38. g4 Kc6 39.
Kd4 Kd6 40. c5+ Kd7 41. b5 c6 42. b6 Ke7 43. g5 Kf7 44. Kc4 Ke7 45. h4 Kf7 46.
Bd4 Ke7 47. Kd3 Kf7 48. Ke4 Ke7 49. h5 gxh5 50. g6 Kf8 51. Kf3 Ke7 52. Kg3 Kf8
53. Kh4 Ke7 54. Kxh5 Nd8 55. Kg4 Nb7 56. Kf3 Kf8 57. Ke4 Ke7 58. f5 e5 59. Be3
Kf8 60. Kd3 Ke7 {#d} 1/2-1/2

[Event "ICA Players Mem-Open"]
[Site "Boise, ID"]
[Date "2011.05.15"]
[Round "4.2"]
[White "Kircher, Caleb Paul"]
[Black "Stakland, Tim J"]
[Result "0-1"]
[WhiteElo "1744"]
[BlackElo "1755"]

1. f4 d5 2. e3 e6 3. Nf3 Nf6 4. b3 b6 5. Bb2 Bb7 6. a3 Be7 7. Be2 c5 8. Bb5+
Bc6 9. Bxc6+ Nxc6 10. O-O O-O 11. Qe2 Qc7 12. d3 Nd7 13. e4 dxe4 14. dxe4 e5
15. f5 Nd4 16. Bxd4 exd4 17. c3 Bf6 18. cxd4 cxd4 19. Ra2 Rfe8 20. Rc2 Qb7 21.
e5 Nxe5 22. Nxd4 Nc6 23. Qf3 Bxd4+ 24. Kh1 Na5 25. Qd3 Qe4 26. Qd1 Nxb3 27.
Rc4 Qe2 28. Rb4 Nd2 29. Nxd2 Bc3 {#R} 0-1

[Event "ICA Players Mem-Open"]
[Site "Boise, ID"]
[Date "2011.05.15"]
[Round "5.3"]
[White "Kircher, Caleb Paul"]
[Black "Henderson, Michael"]
[Result "1/2-1/2"]
[WhiteElo "1744"]
[BlackElo "1865"]

1. f4 d5 2. e3 Nf6 3. b3 g6 4. Bb2 Bg7 5. Nf3 O-O 6. Be2 c5 7. O-O Nc6 8. Bb5
Bg4 9. h3 Bxf3 10. Qxf3 Rc8 11. Bxc6 Rxc6 12. d3 e6 13. c3 c4 14. e4 Qb6+ 15.
Kh1 cxd3 16. e5 Ne4 17. Kh2 d2 18. Rd1 Rfc8 19. Nxd2 Nxc3 20. Rdc1 Nb5 21. Qd3
Rxc1 22. Rxc1 Rxc1 23. Bxc1 Qc6 24. Bb2 Nc7 25. Nf3 Na6 26. Qc3 Qxc3 27. Bxc3
Nc5 28. Bd4 b6 29. Nd2 Kf8 30. a4 Ke8 31. a5 Bf8 32. axb6 axb6 33. Kg3 Kd7 34.
Kf3 Kc6 35. g4 Kb5 36. Ke3 Kb4 37. h4 Be7 38. h5 Bd8 39. hxg6 hxg6 40. Nf3
Nxb3 41. f5 Nxd4 42. Nxd4 exf5 43. Nc6+ Kc3 44. Nxd8 d4+ 45. Ke2 Kc2 46. Nc6
d3+ 47. Ke3 d2 48. Nd4+ Kc3 49. Ne2+ Kc2 {#d} 1/2-1/2

[Event "Meridian Invitational"]
[Site "Meridian, ID"]
[Date "2011.08.20"]
[Round "4.2"]
[White "Niro III, Frank A"]
[Black "Kircher, Caleb Paul"]
[Result "1-0"]
[WhiteElo "1703"]
[BlackElo "1753"]

1. e4 d5 2. exd5 Nf6 3. d4 Nxd5 4. Nf3 Bg4 5. Be2 e6 6. O-O Nc6 7. c4 Nb6 8.
b3 Be7 9. Be3 Bf6 10. Na3 Qd7 11. Ne5 Bxe5 12. dxe5 Bxe2 13. Qxe2 Qe7 14. Bxb6
axb6 15. Nb5 O-O 16. f4 Qc5+ 17. Qf2 Qxf2+ 18. Rxf2 Rfc8 19. Rd1 Na7 20. Nxa7
Rxa7 21. a4 Kf8 22. Rfd2 Ke8 23. Rd7 Raa8 24. Kf2 Rd8 25. Rxd8+ Rxd8 26. Rxd8+
Kxd8 27. g4 Kd7 28. Ke3 Kc6 29. b4 Kd7 30. Ke4 c5 31. b5 Ke7 32. f5 f6 33.
exf6+ Kxf6 34. fxe6 Kxe6 35. g5 h5 36. gxh6 gxh6 37. h3 h5 38. Kf4 Kf6 39. h4
Kg6 40. Ke5 Kh7 41. Kf5 Kh6 42. Kf6 Kh7 43. Kg5 Kg7 44. Kxh5 Kh7 45. Kg5 Kg7
46. Kf5 Kh6 47. Ke6 Kh5 48. Kd6 Kxh4 49. Kc7 Kg4 50. Kxb7 Kf4 51. Kxb6 {#r}
1-0

[Event "Eastern Idaho Open (Open)"]
[Site "Pocatello, ID"]
[Date "2011.09.24"]
[Round "3.1"]
[White "Kircher, Caleb Paul"]
[Black "McLaughlin, Edward J"]
[Result "1-0"]
[WhiteElo "1765"]
[BlackElo "1758"]

1. e4 e6 2. d4 d5 3. Nd2 Nf6 4. e5 Nfd7 5. Bd3 c5 6. c3 Nc6 7. Ne2 Qb6 8. Nf3
cxd4 9. cxd4 Bb4+ 10. Bd2 f6 11. exf6 Nxf6 12. O-O Bxd2 13. Qxd2 O-O 14. Rad1
Bd7 15. Rfe1 Rae8 16. Ng3 h6 17. Bb1 Ng4 18. h3 Nf6 19. Ne5 Bc8 20. a3 Nd7 21.
Nxd7 Bxd7 22. Qd3 Ne7 23. Qh7+ Kf7 24. Nh5 Rg8 25. Rd3 Nf5 26. Rf3 Qxd4 27.
Bxf5 exf5 28. Rxf5+ Bxf5 29. Qxf5+ {#r} 1-0

[Event "SIO (Open)"]
[Site "Twin Falls, ID"]
[Date "2011.11.12"]
[Round "1.2"]
[White "Bartell, Fred"]
[Black "Kircher, Caleb Paul"]
[Result "1-0"]
[WhiteElo "1606"]
[BlackElo "1781"]

1. c4 e5 2. Nc3 Nc6 3. b3 Nf6 4. Bb2 d5 5. cxd5 Nxd5 6. e3 Be6 7. Nf3 f6 8.
Bb5 Ndb4 9. O-O a6 10. Bxc6+ Nxc6 11. d4 Bg4 12. d5 Nb8 13. h3 Bxf3 14. Qxf3
Bd6 15. Ne4 O-O 16. Rac1 f5 17. Nxd6 Qxd6 18. Qg3 Nd7 19. f4 Rae8 20. Rfd1 Rf7
21. Rd3 Rfe7 22. b4 exf4 23. exf4 Qxb4 24. Ba3 Re1+ 25. Kh2 Qa5 26. Bb2 R1e7
27. d6 cxd6 28. Rxd6 Qb4 29. Ba3 Qa5 30. Qb3+ Kh8 31. Rd5 Qd8 32. Bxe7 Qxe7
33. Rc7 Qe4 34. Rdxd7 Qxf4+ 35. Qg3 {#r} 1-0